Statistics for Countries by Leaders 2019

Click here to take the quiz!

General Stats

  • This quiz has been taken 47 times
  • The average score is 17 of 21

Answer Stats

LeaderCountry% Correct
Donald TrumpUSA
100%
Emmanuel MacronFrance
100%
Theresa MayUnited Kingdom
100%
Angela MerkelGermany
100%
Vladimir PutinRussia
100%
Kim Jong-UnNorth Korea
100%
Xi JinpingChina
100%
Moon Jae-InSouth Korea
97%
Justin TrudeauCanada
95%
Giuseppe ConteItaly
95%
Shinzo AbeJapan
95%
Jair BolsonaroBrazil
95%
Andrés Manuel López ObradorMexico
85%
Scott MorrisonAustralia
77%
Mauricio MacriArgentina
72%
Cyril RamaphosaSouth Africa
69%
Narendra ModiIndia
67%
Abdelfattah ElsisiEgypt
59%
Jacinda ArdenNew Zealand
54%
Emmerson MnangagwaZimbabwe
38%
Félix TshisekediCongo (Dem. Rep. of)
10%

Score Distribution

Percentile by Number Answered

Percent of People with Each Score

Your Score History

You have not taken this quiz